1651 1412 1240 1823 1604 1200 1157 1372 1701 1790 1086 1477 1231 1420 1847 1996 1967 1731 1084 1098 1220 1560 1069 1487 1780 1908 1929 1216 1043 1962 1308 1387 1364 1480 1671 1136 1879 1269 1629 1718 1032 1274 1011 1120 1128 1945 1037 1710 1450 1850 1769 1012 1683 1595 1037 1720 1940 1030 1485 1005 1232 1049 1281 1671 1949 1852 1507 1365 1145 1501 1274 1252 1216 1164 1433 1315 1120 1935 1123 1133 1126 1790 1850 1823 1116 1177 1545 1604 1713 1463 1939 1812 1142 1460 1352 1337 1578 1110 1282 BCNSPRNW ULIB Ver.6.0+V

เปลี่ยนเป็นภาษาไทย

Change to English
 แสดงรายละเอียดบรรณานุกรม
  กลับหน้าหลัก

Brief Record : Get Marc (ISO 2709) : E-mail record : QR code < ปิดหน้าต่าง
LEADER : 00000nam 2200000uu 4500
001    13399112594
003     ULIB
008    110826s2551||||th 000 0 tha d
020    9789740626589
050  4 HQ772^bS111ส 2551
110 2  ซัมซุงพับลิชิง คอมพานี
245 10 สมองซีกขวาพัฒนาได้ไร้ขีดจำกัด สำหรับ 4-5 ปี /^cซัมซุงพับลิชิง คอมพานี
250    พิมพ์ครั้งที่ 1
260    กรุงเทพฯ :^bนานมีบุ๊คส์พับลิเคชั่นส์ ,^c2551
300    96 หน้า :^bภาพประกอบ
945    ^p195^l0^i024686
945    ^p195^l0^i024687
995    ทศพร
999 ^a ทศพร
รายการนี้ยังไม่มีแท็ก
คุณยังไม่ได้ล็อกอิน คุณสามารถมีกิจกรรมร่วมกับเว็บไซต์ได้ แต่ต้องล็อกอินก่อน ::
  ล็อกอิน

รายการสื่อสารสนเทศ

ลำดับที่ ประเภท เลขเรียก/บาร์โค้ด สถานที่ สถานะ
- ไม่พบข้อมูล -

BibComment


ยังไม่เคยถูกคอมเมนท์

คอมเมนท์ทรัพยากรรายการนี้
  คอมเมนท์: สมองซีกขวาพัฒนาได..


 Copyright 2026. Bcnsprnw @Library